000 00590nam a2200241 a 4500
001 nice12345678
003 IN_TiNIC
005 20260116011530.0
008 050524s1962 newa grp 000 0 eng
020 _a
_c22.2
082 0 0 _a232.3
_bFRA
100 _aFrank, R S
245 _aWork of Christ
_b Historical Study of Christian Doctrine
260 _aNew York
_bThomas Nelson & Sons
_c1962
300 _a708p
500 _aincludes index and biblioraphy
505 2 _aIndex
650 _aAtonement
700 1 _aFrank, R S
902 _bSRS
942 _cBK
999 _c2375
_d2375